| 000 | 00800nam a2200253 a 4500 | ||
|---|---|---|---|
| 005 | 20220330181904.0 | ||
| 008 | 020128s1997 ag r 000 0 spa d | ||
| 020 | _a9879065336 | ||
| 035 | _aUPN01000115105 | ||
| 040 |
_aUPN _bspa _cUPN |
||
| 049 | _aCG | ||
| 050 | 4 |
_aB3316 _bS3.5 |
|
| 100 | 1 | _aSautet, Marc | |
| 245 | 1 | 0 |
_aNietzsche para principiantes / _cMarc Sautet, Patrick Boussignac ; tr. Leandro Wolfson. |
| 260 |
_aBuenos Aires : _bEra Naciente, _cc1997 (2003 impr.) |
||
| 300 |
_a192 p. : _bil. |
||
| 440 | 0 |
_aDocumentales ilustrados ; _v21 |
|
| 534 |
_pTraducción de: _tNietzsche for beginners |
||
| 600 | 1 | 4 |
_aNIETZSCHE, FRIEDRICH WILHELM, _d1844-1900 |
| 650 | 4 |
_aFILOSOFOS - _vBIOGRAFIA _915634 |
|
| 700 | 1 |
_aBoussignac, Patrick, _ecoaut. |
|
| 905 | _aLibro | ||
| 942 |
_2lcc _cLIBRO |
||
| 999 |
_c88721 _d88721 |
||